000 01184nam a2200241Ia 4500
003 OSt
005 20241029082930.0
007 ca aa aaaaa
008 201103s9999 xx 000 0 und d
040 _cSSBUL
041 _abur
082 _a၁၈၁.၄၅ ဒန်
_b၉၅၂၈ S-SAT
100 _a ဒန်နီ၊ ဒက်(ခ်)မွန်
_917492
245 1 0 _aကိုယ်တွေ့အိန္ဒိယလောကီပညာ၊ တတိယပိုင်း /
_cဒက်(ခ်)မွန်ဒန်နီ၊ ဘာသာပြန်သူ လင်းယုန်တင့်ဆွေ။
250 _aဒုတိယအကြိမ်။
260 _aရန်ကုန် ၊
_bအေးအေးစာပေတိုက်၊
_c၁၉၇၁။
300 _a၂၇၁ စာမျက်နှာ ၊
_bပုံများ၊
_c၁၈ စင်တီ။
500 _a မူရင်း-Yoga for everyone by Des Mond Dunne
500 _aS-SAT: Dr. Sai Aung Tun
650 _aယောဂကျင့်စဉ်
_954738
700 0 _aတင့်ဆွေ၊ လင်းယုန်
_eဘာသာပြန်သူ
_954739
942 _2ddc
_cBK1
999 _c17007
_d17007